| 000 | 00739nam a22002177a 4500 | ||
|---|---|---|---|
| 003 | 0 | ||
| 005 | 20240819133728.0 | ||
| 008 | 240819b xxu||||| |||| 00| 0 eng d | ||
| 020 | _a978-1-284-22073-5 | ||
| 050 |
_aQA 76.9 _b.K56 2023 |
||
| 100 | _aKim, David | ||
| 245 |
_aFundamentals of information systems security _cDavid Kim |
||
| 250 | _aFourth edition | ||
| 260 |
_aBurlington, Massachusetts _bJones & Barlett Learning _c2023 |
||
| 300 |
_axxii, 550 pages : _bblack and white illustrations ; _c26cm. |
||
| 504 | _aIncludes bibliographical references, index, and glossary. | ||
| 650 | _aComputer security. | ||
| 650 | _aComputer networks--security measures. | ||
| 650 | _aInformation Systems Security. | ||
| 942 |
_2lcc _cBK |
||
| 999 |
_c366121 _d366121 |
||